|
|
|
|
| LEADER |
01029nam a2200337 4500 |
| 001 |
DLU090098713 |
| 005 |
##20091201 |
| 040 |
# |
# |
|a DLU
|b eng
|
| 041 |
# |
# |
|a eng
|
| 044 |
# |
# |
|a us
|
| 100 |
# |
# |
|a Kupfer, Anne.
|
| 245 |
# |
# |
|a Induced attack during fixed-ratio and matched-time schedules of food presentation /
|c Anne Kupfer, Ron Allen, E. F. Malagodi.
|
| 653 |
# |
# |
|a Adjunctive behavior
|
| 653 |
# |
# |
|a Fixed-ratio schedules
|
| 653 |
# |
# |
|a Key peck
|
| 653 |
# |
# |
|a Matched-time schedules
|
| 653 |
# |
# |
|a Pigeons
|
| 653 |
# |
# |
|a Schedule-induced attack
|
| 653 |
# |
# |
|a Target pigeons
|
| 700 |
# |
# |
|a Allen, Ron.
|
| 700 |
# |
# |
|a Malagodi, E. F.
|
| 773 |
# |
# |
|t Journal of the Experimental Analysis of Behavior
|g Vol. 89, no. 1 (January 2008), p. 31-48
|
| 920 |
# |
# |
|a Phòng Tạp chí -- Trung tâm Thông tin - Thư viện Trường Đại học Đà Lạt
|
| 994 |
# |
# |
|a DLU
|
| 900 |
# |
# |
|a True
|
| 911 |
# |
# |
|a Trương Bảo Trâm Anh
|
| 925 |
# |
# |
|a G
|
| 926 |
# |
# |
|a A
|
| 927 |
# |
# |
|a BB
|
| 980 |
# |
# |
|a Thư viện Trường Đại học Đà Lạt
|